| 000 | 005570000a22001570004500 | ||
|---|---|---|---|
| 090 |
_aAs _bSeriadas |
||
| 245 | 1 | 0 |
_aLagunas costeras de Barú, foraminíferos bentónicos y sedimentos _ssegunda parte |
| 041 | 0 | _aEspañol | |
| 700 | 1 |
_aCamacho Rodríguez , Camilo _999991 |
|
| 700 | 1 |
_aCaro Caro, Clara Inés _990856 |
|
| 700 | 1 |
_aGonzález Contreras, Luz Stella _999992 |
|
| 700 | 1 |
_aMiranda Peña, Martha Constanza _999993 |
|
| 100 | 1 |
_aParada Ruffinatti, Carmen _921782 |
|
| 942 | _cARTICULO | ||
| 773 | 1 |
_tBiblioteca José Jerónimo Triana _h14 _q115-207 _d1996 |
|
| 999 |
_c15769 _d15769 |
||